00882nam a2200253 i 45000010008000000030004000080050017000120080041000290100017000700400018000870430021001050820015001261000026001412450098001672600054002653000021003195040041003406500033003816500036004149060045004509420012004959990015005079520106005221302286OSt20230717101356.0780309s1976 ug b 000 0 eng  a 76980664  aDLCcDLCdDLC af-ke---af-tz---00a370.1bSIF1 aSifuna, D. N.,d1944-10aVocational education in schools :ba historical survey of Kenya and Tanzania /cD. N. Sifuna. aKampala :bEast African Literature Bureau,c1976. a200 p. ;c22 cm. aIncludes bibliographical references. 0aVocational educationzKenya. 0aVocational educationzTanzania. a7bcbccorignewd4encipf19gy-gencatlg 2ddccBK c3977d3977 00102ddc4070a002b002d2023-07-17l0o370.1 SIFp10000986q2019-09-30r2023-07-17w2023-07-17yBK